000 00216 a2200097 4500
001 14103
100 _aMendelssohn B
245 _acorrect your English
260 _aLondon
_bLongmans green
_c
090 _c11048
_d11048
942 _aNUST-CAE
_cM
_c1168
999 _c249176
_d249176